| 000 | 00336cam a2200133ua 4500 | ||
|---|---|---|---|
| 003 | OSt | ||
| 008 | 210419b ||||| |||| 00| 0 eng d | ||
| 082 |
_a894.812 308 _bVAS/KU |
||
| 100 |
_aVasudevan Namboodiri, K . _94914 |
||
| 245 | _aKurukshetram / | ||
| 260 |
_a : _bK Vasudevan Namboodiri , _c1966. |
||
| 300 | _a228 ; . | ||
| 942 | _cBK | ||
| 999 |
_c6179 _d6179 |
||